Pokémon - Les attaques de Têtarte - Statistiques

Statistiques générales
  • Ce quiz a été pris 10 fois
  • Le résultat moyen est 9 sur 11
Statistiques - réponses
Niveaux Types Noms des attaques % Correct
Niveau 48 Eau Hydrocanon
100%
Départ Psy Hypnose
100%
Départ Eau Pistolet à O
100%
Niveau 18 Eau Bulles d'O
86%
Niveau 24 Eau Danse Pluie
86%
Départ Normal Écras'Face
86%
Départ Sol Tir de Boue
86%
Niveau 66 Normal Damoclès
71%
Niveau 32 Normal Plaquage
71%
Niveau 40 Sol Telluriforce
71%
Niveau 56 Normal Cognobidon
57%
Aucun quiz correspondant
Distribution des résultats
% des personnes avec chaque résultat
Percentile par nombre de réponses
Votre historique - résultats
Vous n’avez pas pris ce quiz